[Event "Hell op"]
[Site "Hell"]
[Date "2019.08.06"]
[Round "5"]
[White "Korpa, Bence"]
[Black "Notkevich, Benjamin Arvola"]
[Result "1-0"]
[WhiteElo "2530"]
[BlackElo "2510"]
[PlyCount "155"]
[EventDate "2019.08.03"]
[EventType "swiss"]
[EventRounds "10"]
[EventCountry "NOR"]
[SourceTitle "CBM 191 Extra"]
[Source "ChessBase"]
[SourceDate "2019.09.30"]
[SourceVersion "1"]
[SourceVersionDate "2019.09.30"]
[SourceQuality "1"]

1. Nf3 Nf6 2. g3 b5 3. Bg2 Bb7 4. 0-0 e6 5. d3 d5 6. Nbd2 Be7 7. e4 0-0 8. e5 Nfd7 9. Re1 c5 10. Nf1 Nc6 11. h4 b4 12. h5 a5 13. h6 g6 14. a4 bxa3 15. bxa3 Rb8 16. Bf4 Nd4 17. Nxd4 cxd4 18. Nh2 Bc6 19. Ra2 Ba4 20. Qg4 Rc8 21. Rc1 Qb6 22. Nf3 Rc3 23. Bg5 Bc5 24. Bd2 Rxa3 25. Rxa3 Bxa3 26. Ra1 Qc5 27. Nxd4 Bxc2 28. Nxe6 fxe6 29. Qxe6+ Kh8 30. Qxd7 Qxf2+ 31. Kh1 Rf7 32. Qd8+ Rf8 33. Qd7 Rf7 34. e6 Qxd2 35. exf7 Qxh6+ 36. Qh3 Qxh3+ 37. Bxh3 Bb4 38. Rxa5 Bxd3 39. Be6 Kg7 40. Ra8 Be4+ 41. Kh2 Bf8 42. g4 g5 43. Ra6 d4 44. Ra4 Bg6 45. Rxd4 h5 46. Bb3 Be7 47. Rd7 Kf6 48. gxh5 Bxh5 49. Rd2 Kg7 50. Rf2 Bd6+ 51. Kg2 Bg6 52. Bd5 Be7 53. Re2 Bd6 54. Re6 Bf8 55. Rc6 Be7 56. Rc7 Kf6 57. Rc3 Kg7 58. Rf3 Bd6 59. Kh3 Bh5 60. Rf5 Be7 61. Rf1 Bf8 62. Rb1 Be7 63. Rb7 Kf6 64. Rb1 Kg7 65. Rf1 Bf8 66. Bc4 Be7 67. Rf5 Bg6 68. Re5 Kf6 69. Re1 Bb4 70. Rf1+ Kg7 71. Kg4 Be7 72. Rf3 Kf8 73. Re3 Bc2 74. Re1 Bg6 75. Re2 Bh7 76. Kh5 Bf5 77. Kh6 g4 78. Rxe7 1-0

[Event "Hell op"]
[Site "Hell"]
[Date "2019.08.05"]
[Round "4"]
[White "Notkevich, Benjamin Arvola"]
[Black "Unhjem, Bjorn Robert Lovoll"]
[Result "1-0"]
[WhiteElo "2510"]
[BlackElo "1835"]
[PlyCount "83"]
[EventDate "2019.08.03"]
[EventType "swiss"]
[EventRounds "10"]
[EventCountry "NOR"]
[SourceTitle "CBM 191 Extra"]
[Source "ChessBase"]
[SourceDate "2019.09.30"]
[SourceVersion "1"]
[SourceVersionDate "2019.09.30"]
[SourceQuality "1"]

1. c4 c5 2. Nf3 Nc6 3. Nc3 Nf6 4. g3 g6 5. Bg2 Bg7 6. 0-0 0-0 7. d4 cxd4 8. Nxd4 Nxd4 9. Qxd4 d6 10. Qd3 Rb8 11. Bf4 Nd7 12. Qd2 Ne5 13. b3 Re8 14. Rac1 b6 15. Bg5 Ng4 16. h3 Nf6 17. Rfd1 Bb7 18. e4 a6 19. Qe2 Nd7 20. Nd5 Rc8 21. Qd2 b5 22. cxb5 axb5 23. Rxc8 Bxc8 24. Qc2 f6 25. Be3 Bb7 26. Nc7 Rf8 27. Ne6 Qc8 28. Qe2 Rf7 29. Rc1 Qa8 30. Qxb5 Ne5 31. Nc7 Bc6 32. Qb6 Qb7 33. f4 Bh6 34. Rc3 e6 35. Nxe6 Re7 36. Nd8 Qa8 37. Nxc6 Nxc6 38. Rxc6 f5 39. e5 Qxa2 40. Rc8+ Bf8 41. Rxf8+ Kxf8 42. Qd8+ 1-0